What European Countries are in NATO - Map Quiz - Statistics

General Stats
  • This quiz has been taken 192 times
    160 since last reset
  • The average score is 19 of 25
Answers on the Map
Answers color-coded by a green-red scale on the quiz's map according to % correct below.
 
Answer Stats
Answer % Correct
Finland
92%
Norway
92%
France
83%
Germany
83%
Italy
83%
Sweden
83%
United Kingdom
83%
Bulgaria
75%
Denmark
75%
Estonia
75%
Hungary
75%
Luxembourg
75%
Netherlands
75%
Poland
75%
Portugal
75%
Spain
75%
Iceland
67%
Latvia
67%
Lithuania
67%
Montenegro
67%
North Macedonia
67%
Romania
67%
Belgium
58%
Greece
58%
Slovenia
58%
No matching quizzes found
Score Distribution
Percent of People with Each Score
Percentile by Number Answered
Your Score History
You have not taken this quiz since the last reset